BSOP header

The Asian awakening / (Record no. 47287)

MARC details
000 -LEADER
fixed length control field 00874cam a2200289Ii 4500
001 - CONTROL NUMBER
control field 505646
005 - DATE AND TIME OF LATEST TRANSACTION
control field 20190806111229.0
008 - FIXED-LENGTH DATA ELEMENTS--GENERAL INFORMATION
fixed length control field 900131t19881988si a 001 0 eng d
020 ## - INTERNATIONAL STANDARD BOOK NUMBER
International Standard Book Number 9971991187
035 ## - SYSTEM CONTROL NUMBER
System control number (OCoLC)ocm20980795
035 ## - SYSTEM CONTROL NUMBER
System control number 505646
040 ## - CATALOGING SOURCE
Original cataloging agency FYB
Language of cataloging eng
Description conventions rda
Transcribing agency FYB
Modifying agency PBE
100 1# - MAIN ENTRY--PERSONAL NAME
Personal name Tow, Tim.
245 14 - TITLE STATEMENT
Title The Asian awakening /
Statement of responsibility, etc Timothy Tow.
260 ## - PUBLICATION, DISTRIBUTION, ETC. (IMPRINT)
Place of publication, distribution, etc Singapore :
Name of publisher, distributor, etc Christian Life Publishers,
Date of publication, distribution, etc c1988.
300 ## - PHYSICAL DESCRIPTION
Extent 273 pages, :
Other physical details illustrations, music, maps ;
Dimensions 21 cm
336 ## - CONTENT TYPE
Content Type Term text
Content Type Code txt
Source rdacontent
337 ## - MEDIA TYPE
Media Type Term unmediated
Media Type Code n
Source rdamedia
338 ## - CARRIER TYPE
Carrier Type Term volume
Carrier Type Code nc
Source rdacarrier
504 ## - BIBLIOGRAPHY, ETC. NOTE
Bibliography, etc Includes bibliographical references.
600 10 - SUBJECT ADDED ENTRY--PERSONAL NAME
Personal name Song, Shangjie,
Dates associated with a name 1901-1944.
600 10 - SUBJECT ADDED ENTRY--PERSONAL NAME
Personal name Ting, Li Mei,
Dates associated with a name 1871-1936.
650 #0 - SUBJECT ADDED ENTRY--TOPICAL TERM
Topical term or geographic name as entry element Evangelistic work.
650 #0 - SUBJECT ADDED ENTRY--TOPICAL TERM
Topical term or geographic name as entry element Asia
General subdivision Church history.
650 #0 - SUBJECT ADDED ENTRY--TOPICAL TERM
Topical term or geographic name as entry element Revival
Geographic subdivision Asia.
942 ## - ADDED ENTRY ELEMENTS (KOHA)
Source of classification or shelving scheme Library of Congress Classification
Item type Books
Holdings
Withdrawn status Lost status Source of classification or shelving scheme Damaged status Not for loan Home library Current library Shelving location Date acquired Inventory number Total Checkouts Full call number Barcode Date last seen Price effective from Koha item type
    Library of Congress Classification     BSOP Library BSOP Library GC 07/19/2019 11459   BV3780 T65 00019328 07/19/2019 07/19/2019 Books
BSOP

Biblical Seminary of the Philippines
  All rights Reserved
  © 2024

CONTACT INFORMATION

Biblical Seminary of the Philippines,
  77-B Karuhatan Road, Valenzuela City,
  PHILIPPINES 1441
  Phone: +632 8292-6795 / 8292-6798
  Fax : +632 8292-6675
  Email: library@bsop.edu.ph